<?xml version="1.0" encoding="UTF-8"?>
<record
    xmlns:xsi="http://www.w3.org/2001/XMLSchema-instance"
    xsi:schemaLocation="http://www.loc.gov/MARC21/slim http://www.loc.gov/standards/marcxml/schema/MARC21slim.xsd"
    xmlns="http://www.loc.gov/MARC21/slim">

  <leader>01995nam0a2200397 i 4500</leader>
  <controlfield tag="001">RU\NLR\BIBL_A\010259977</controlfield>
  <controlfield tag="005">20241105170441.0</controlfield>
  <datafield tag="010" ind1=" " ind2=" ">
    <subfield code="a">9785903457052</subfield>
    <subfield code="b">&#x432; &#x43F;&#x435;&#x440;.</subfield>
    <subfield code="9">500</subfield>
  </datafield>
  <datafield tag="021" ind1=" " ind2=" ">
    <subfield code="a">RU</subfield>
    <subfield code="b">2014-4236</subfield>
    <subfield code="9">258</subfield>
  </datafield>
  <datafield tag="035" ind1=" " ind2=" ">
    <subfield code="a">(NILC)RuMoRGB-006729552</subfield>
  </datafield>
  <datafield tag="035" ind1=" " ind2=" ">
    <subfield code="a">(NLR Aleph) 010259977</subfield>
  </datafield>
  <datafield tag="090" ind1=" " ind2=" ">
    <subfield code="a">10453895</subfield>
    <subfield code="c">10453895</subfield>
  </datafield>
  <datafield tag="100" ind1=" " ind2=" ">
    <subfield code="a">20140319d2013    km y0rusy50      ca</subfield>
  </datafield>
  <datafield tag="101" ind1="0" ind2=" ">
    <subfield code="a">rus</subfield>
  </datafield>
  <datafield tag="102" ind1=" " ind2=" ">
    <subfield code="a">RU</subfield>
  </datafield>
  <datafield tag="105" ind1=" " ind2=" ">
    <subfield code="a">ac||z|||000yy</subfield>
  </datafield>
  <datafield tag="200" ind1="1" ind2=" ">
    <subfield code="a">&#x417;&#x430; &#x43F;&#x43E;&#x433;&#x440;&#x443;&#x436;&#x435;&#x43D;&#x438;&#x435;&#x43C; - &#x432;&#x441;&#x43F;&#x43B;&#x44B;&#x442;&#x438;&#x435;. &#x41A;&#x440;&#x43E;&#x43D;&#x448;&#x442;&#x430;&#x434;&#x442;&#x441;&#x43A;&#x43E;&#x435; &#x441;&#x43E;&#x435;&#x434;&#x438;&#x43D;&#x435;&#x43D;&#x438;&#x435; &#x43F;&#x43E;&#x434;&#x432;&#x43E;&#x434;&#x43D;&#x44B;&#x445; &#x43B;&#x43E;&#x434;&#x43E;&#x43A;</subfield>
    <subfield code="f">&#x42E;. &#x41D;. &#x41A;&#x443;&#x440;&#x433;&#x430;&#x43D;&#x441;&#x43A;&#x438;&#x439;, &#x421;. &#x41F;. &#x421;&#x438;&#x440;&#x44B;&#x439;</subfield>
  </datafield>
  <datafield tag="205" ind1=" " ind2=" ">
    <subfield code="a">&#x418;&#x437;&#x434;. 2-&#x435;, &#x434;&#x43E;&#x43F;.</subfield>
  </datafield>
  <datafield tag="210" ind1=" " ind2=" ">
    <subfield code="a">&#x421;&#x430;&#x43D;&#x43A;&#x442;-&#x41F;&#x435;&#x442;&#x435;&#x440;&#x431;&#x443;&#x440;&#x433;</subfield>
    <subfield code="c">&#x41C;&#x43E;&#x440; &#x412;&#x435;&#x441;&#x442;</subfield>
    <subfield code="d">2013</subfield>
  </datafield>
  <datafield tag="215" ind1=" " ind2=" ">
    <subfield code="a">366, [1] &#x441;.</subfield>
    <subfield code="c">&#x438;&#x43B;., &#x43F;&#x43E;&#x440;&#x442;&#x440;.</subfield>
    <subfield code="d">24</subfield>
  </datafield>
  <datafield tag="300" ind1=" " ind2=" ">
    <subfield code="a">&#x41D;&#x430; 4-&#x439; &#x441;. &#x43E;&#x431;&#x43B;. &#x430;&#x432;&#x442;.: &#x42E;. &#x41D;. &#x41A;&#x443;&#x440;&#x433;&#x430;&#x43D;&#x441;&#x43A;&#x438;&#x439;, &#x432;&#x440;&#x430;&#x447;-&#x43F;&#x43E;&#x434;&#x432;&#x43E;&#x434;&#x43D;&#x438;&#x43A;, &#x43F;&#x43E;&#x434;&#x43F;&#x43E;&#x43B;&#x43A;. &#x43C;&#x435;&#x434;. &#x441;&#x43B;&#x443;&#x436;&#x431;&#x44B; &#x432; &#x43E;&#x442;&#x441;&#x442;&#x430;&#x432;&#x43A;&#x435;, &#x421;. &#x41F;. &#x421;&#x438;&#x440;&#x44B;&#x439;, &#x43A;. &#x442;. &#x43D;., &#x43F;&#x440;&#x43E;&#x444;., &#x437;&#x430;&#x441;&#x43B;. &#x440;&#x430;&#x431;&#x43E;&#x442;&#x43D;&#x438;&#x43A; &#x432;&#x44B;&#x441;&#x448;. &#x448;&#x43A;. &#x420;&#x43E;&#x441;&#x441;&#x438;&#x438;, &#x43A;&#x430;&#x43F;. 1 &#x440;&#x430;&#x43D;&#x433;&#x430;</subfield>
  </datafield>
  <datafield tag="320" ind1=" " ind2=" ">
    <subfield code="a">&#x411;&#x438;&#x431;&#x43B;&#x438;&#x43E;&#x433;&#x440;.: &#x441;. 364-365</subfield>
  </datafield>
  <datafield tag="320" ind1=" " ind2=" ">
    <subfield code="a">&#x414;&#x440;. &#x43F;&#x440;&#x43E;&#x438;&#x437;&#x432;&#x435;&#x434;&#x435;&#x43D;&#x438;&#x44F; &#x430;&#x432;&#x442;&#x43E;&#x440;&#x43E;&#x432; &#x43D;&#x430; 4-&#x439; &#x441;. &#x43E;&#x431;&#x43B;.</subfield>
  </datafield>
  <datafield tag="517" ind1="1" ind2=" ">
    <subfield code="a">&#x41A;&#x440;&#x43E;&#x43D;&#x448;&#x442;&#x430;&#x434;&#x442;&#x441;&#x43A;&#x43E;&#x435; &#x441;&#x43E;&#x435;&#x434;&#x438;&#x43D;&#x435;&#x43D;&#x438;&#x435; &#x43F;&#x43E;&#x434;&#x432;&#x43E;&#x434;&#x43D;&#x44B;&#x445; &#x43B;&#x43E;&#x434;&#x43E;&#x43A;</subfield>
  </datafield>
  <datafield tag="601" ind1="0" ind2="2">
    <subfield code="a">&#x41A;&#x440;&#x43E;&#x43D;&#x448;&#x442;&#x430;&#x434;&#x442;&#x441;&#x43A;&#x43E;&#x435; &#x441;&#x43E;&#x435;&#x434;&#x438;&#x43D;&#x435;&#x43D;&#x438;&#x435; &#x43F;&#x43E;&#x434;&#x432;&#x43E;&#x434;&#x43D;&#x44B;&#x445; &#x43B;&#x43E;&#x434;&#x43E;&#x43A;</subfield>
    <subfield code="9">2110530</subfield>
    <subfield code="3">RU\NLR\auth\661579055</subfield>
  </datafield>
  <datafield tag="601" ind1="0" ind2="2">
    <subfield code="a">&#x41E;&#x442;&#x434;&#x435;&#x43B;&#x44C;&#x43D;&#x430;&#x44F; &#x431;&#x440;&#x438;&#x433;&#x430;&#x434;&#x430; &#x43F;&#x43E;&#x434;&#x432;&#x43E;&#x434;&#x43D;&#x44B;&#x445; &#x43B;&#x43E;&#x434;&#x43E;&#x43A;</subfield>
    <subfield code="c">123</subfield>
    <subfield code="9">2110531</subfield>
    <subfield code="3">RU\NLR\auth\661579056</subfield>
  </datafield>
  <datafield tag="686" ind1="1" ind2=" ">
    <subfield code="a">&#x426;66,6(2)11-13</subfield>
  </datafield>
  <datafield tag="700" ind1=" " ind2="1">
    <subfield code="a">&#x41A;&#x443;&#x440;&#x433;&#x430;&#x43D;&#x441;&#x43A;&#x438;&#x439;</subfield>
    <subfield code="b">&#x42E;. &#x41D;.</subfield>
    <subfield code="g">&#x42E;&#x440;&#x438;&#x439; &#x41D;&#x438;&#x43A;&#x43E;&#x43B;&#x430;&#x435;&#x432;&#x438;&#x447;</subfield>
  </datafield>
  <datafield tag="701" ind1=" " ind2="1">
    <subfield code="a">&#x421;&#x438;&#x440;&#x44B;&#x439;</subfield>
    <subfield code="b">&#x421;. &#x41F;.</subfield>
    <subfield code="f">1939-2016</subfield>
    <subfield code="g">&#x421;&#x435;&#x440;&#x433;&#x435;&#x439; &#x41F;&#x440;&#x43E;&#x43A;&#x43E;&#x444;&#x44C;&#x435;&#x432;&#x438;&#x447;</subfield>
    <subfield code="9">163680</subfield>
    <subfield code="3">RU\NLR\AUTH\770163724</subfield>
  </datafield>
  <datafield tag="801" ind1=" " ind2="0">
    <subfield code="a">RU</subfield>
    <subfield code="b">RuMoRKP</subfield>
    <subfield code="c">20110404</subfield>
    <subfield code="g">RCR</subfield>
  </datafield>
  <datafield tag="801" ind1=" " ind2="2">
    <subfield code="a">RU</subfield>
    <subfield code="b">&#x420;&#x413;&#x411;</subfield>
    <subfield code="c">20140129</subfield>
    <subfield code="g">rcr</subfield>
  </datafield>
  <datafield tag="801" ind1=" " ind2="1">
    <subfield code="a">RU</subfield>
    <subfield code="b">RuMoRKP</subfield>
    <subfield code="c">20110404</subfield>
    <subfield code="2">rusmarc</subfield>
  </datafield>
  <datafield tag="942" ind1=" " ind2=" ">
    <subfield code="c">BOOK</subfield>
  </datafield>
  <datafield tag="980" ind1=" " ind2=" ">
    <subfield code="a">NBR</subfield>
  </datafield>
</record>
